| 000 | 00564nam a2200205Ia 4500 | ||
|---|---|---|---|
| 003 | IN-BaIIA | ||
| 008 | 211028s9999 xx 000 0 eng d | ||
| 020 | _a0-486-24021-5 | ||
| 040 | _cIIA Library | ||
| 080 |
_a530.12 _bBON |
||
| 100 |
_aBondi, Hermann _924786 |
||
| 245 | 0 |
_aRelativity and common sense _ba new approach to Einstein _cHermann Bondi |
|
| 260 |
_aNew York _bDover Publications _c1980 |
||
| 300 | _a177p. | ||
| 650 |
_aConcept of force _924787 |
||
| 650 |
_aLight _92428 |
||
| 650 |
_aMomentum _918673 |
||
| 650 |
_aRotation _911145 |
||
| 942 | _cBK | ||
| 999 |
_c18641 _d18641 |
||